| 000 | 00579nam a2200181Ia 4500 | ||
|---|---|---|---|
| 008 | 100920s9999 xx 000 0 und d | ||
| 082 |
_b11500 _a28 व 891,461 0 |
||
| 100 | _aशुक्ल ना.गो. | ||
| 245 | _aडुलू डुलू. | ||
| 260 |
_bजगताप-कारले प्रकाशन, पुणे 2. _c0 |
||
| 300 |
_a32 _bसाधी |
||
| 365 | _b1.12 | ||
| 520 | _aबा.वि.पद्य. | ||
| 630 | _aडुलू डुलू. | ||
| 650 | _aबा.वि.पद्य. | ||
| 730 | _aडुलू डुलू. | ||
| 942 | _cBOOK | ||
| 999 |
_c677226 _d677223 |
||